|
|
|
|
| LEADER |
00000nam a22000007a 4500 |
| 005 |
20210514002944.0 |
| 007 |
cr|||| |||| |
| 008 |
210514s2013 co |||||s|||| 00||0 spa d |
| 020 |
|
|
|a 978-958-762-119-8
|
| 035 |
|
|
|a 33380
|
| 040 |
|
|
|a vLex
|
| 090 |
|
|
|c 11662
|d 11662
|
| 100 |
1 |
|
|a Canales Mora, Roberto
|
| 245 |
1 |
0 |
|a Planifica tu x̌ito: de aprendiz a empresario
|h [Recurso electrn̤ico] :
|b Sentido comn︢ y metodologa̕s g̀iles aplicadas a profesiones intelectuales /
|c Roberto Canales Mora
|
| 256 |
|
|
|a Servicio en ln̕ea
|
| 260 |
|
|
|a Bogot:̀
|b Ediciones de la U,
|c 2013
|
| 300 |
|
|
|a 1 recurso electrn̤ico
|
| 500 |
|
|
|a Despuš de publicar el libro, Informt̀ica profesional, las reglas no escritas para triunfar el la empresa, Luis San Jos,̌ director de las Editoriales Ra-Ma y Starbook, me hizo una sutil observacin̤: ?Has escrito una obra dirigida fundamentalmente a informt̀icos donde el 80% de los contenidos son t︢iles para casi todas las profesiones intelectuales, Łes una pena que no pueda llegar a ms̀ gente! ¿Por qu ̌no te animas a escribir una nueva obra haciendo un extracto de los contenidos desde una perspectiva ms̀ generalista?.
|
| 506 |
1 |
|
|a Disponible solo en los productos indicados
|d vLex Global
|d vLex Global (Academic Edition, excluding Law Schools)
|d vLex Global (U.S. Academic Edition, Law Schools)
|d vLex Global (U.S. Academic Edition, excluding Law Schools)
|d vLex Global (Academic Edition, Law Schools)
|
| 650 |
0 |
4 |
|a Economa̕ y negocios
|z Colombia
|
| 740 |
0 |
|
|a vLex Libros (Servicio en ln̕ea)
|
| 856 |
4 |
0 |
|u https://vlex.com/source/planifica-tu-exito-de-aprendiz-a-empresario-sentido-comun-y-metodologias-agiles-aplicadas-a-profesiones-intelectuales-33380
|z Acceso restringido
|
| 942 |
|
|
|c BOOK
|
| 999 |
0 |
|
|a Economy and business
|